Separácia enantiomérov nederivatizovaných aminokyselín metódou vysokoúčinnej kvapalinovej chromatografie diplomová práca
Na minha lista:
| Autor principal: | |
|---|---|
| Formato: | Livro |
| Idioma: | eslovaco |
| Publicado em: |
Bratislava
STU FCHPT
2013
|
| Acesso em linha: | View in OPAC |
| Tags: |
Sem tags, seja o primeiro a adicionar uma tag!
|
MARC
| LEADER | 00000nam a2200000 a 4500 | ||
|---|---|---|---|
| 005 | 20260127134256.0 | ||
| 008 | 130703 2013 000 0 slo d | ||
| 035 | |a vtls010525080 | ||
| 039 | 9 | |a 201307091217 |b mschk03 |y 201307031333 |z mschk03 | |
| 040 | |a STUSCHK1 |b slo |c STUSCHK1 |e AACR2 | ||
| 100 | 1 | |a Moravčík, Jakub | |
| 245 | 1 | |a Separácia enantiomérov nederivatizovaných aminokyselín metódou vysokoúčinnej kvapalinovej chromatografie |b diplomová práca |c Jakub Moravčík | |
| 260 | |a Bratislava |b STU FCHPT |c 2013 | ||
| 300 | |a 76 s. |b il. |c 30 cm | ||
| 500 | |a Obhájené: 10.06.2013 | ||
| 500 | |a Špec.: Analytická chémia | ||
| 500 | |a Evidenčné číslo: FCHPT-5459-58202 | ||
| 500 | |a Miesto vypracovania: Oddelenie analytickej chémie FCHPT STU | ||
| 910 | |a SCHK95 | ||
| 999 | |c 8524 |d 8524 | ||